00858 a2200205 45000010006000000050017000060080041000230030015000640400040000790800100001192450035002190200018002542640068002723000019003405050200003591000022005597000026005817000023006077000022006302694020260407155547.0260407a1983 arg spa dAR-UNSa-BCEJYS aAR-UNSa-BCEJYSbspacAR-UNSa-BCEJYS a711.4xOrdenación urbana. Desarrollo urbano. Áreas edificadas. Conurbaciones. Asentamientos10aElementos de análisis urbano a84-7088-343-7 1aMadrid :bInstituto de Estudios de Administración Localc1983 a280 p.c21 cm. a1. Crecimientos - 2. Trazados y parcelación - 3. Tipologías - 4. Paisaje urbano - 5. La práctica del espacio urbano - 6. Estructuras urbanas - 7. La arquitectura urbana: una utopia realista1 aPanerai, Philippe1 aDepaule, Jean-Charles1 aDemorgon, Marcelle1 aVeyrenche, Michel